Buenas prácticas agrícolas con desarrollo local para el sudoeste bonaerense /
Guardado en:
| Otros Autores: | |
|---|---|
| Formato: | Libro |
| Idioma: | Spanish |
| Publicado: |
Bahía Blanca :
EdiUNS,
2015.
|
| Series: | Serie Extensión. Colección Ciencias y tecnologías.
|
| Materias: | |
| Etiquetas: |
Agregar Etiqueta
Sin Etiquetas, Sea el primero en etiquetar este registro!
|
| LEADER | 00849nam a22002175a 4500 | ||
|---|---|---|---|
| 001 | EAD.ead003878 | ||
| 008 | 151111s2015####ag#a#####b####000#0#spa#d | ||
| 005 | 20161108105227.0 | ||
| 245 | 1 | 0 | |a Buenas prácticas agrícolas con desarrollo local para el sudoeste bonaerense / |c Tomás Loewy ... [et al.]. |
| 260 | |a Bahía Blanca : |b EdiUNS, |c 2015. | ||
| 300 | |a 105 p. : |b il. col., mapas ; |c 21 cm. | ||
| 490 | 1 | |a Serie Extensión. Colección Ciencias y tecnologías | |
| 504 | |a Incluye referencias bibliográficas. | ||
| 020 | |a 9789876550604 | ||
| 700 | 1 | |a Loewy, Tomás. | |
| 830 | 0 | |a Serie Extensión. |p Colección Ciencias y tecnologías. | |
| 082 | 0 | 4 | |a 630.68 |2 21 |
| 650 | 7 | |a Desarrollo local. |2 unbist | |
| 650 | 7 | |a Gestión agrícola. |2 unbist | |
| 650 | 7 | |a Desarrollo sostenible. |2 unbist | |
| 859 | |a AR-BaBDC |b BIB. ADMINISTRACION - Libros |h 630.68 |i L825 |p b06702 | ||
